000 01349nam a2200421 c 4500
001 19643
003 ES-MaCES
005 20201119110502.0
008 061228s2006 xxud t 000 | eng d
020 _a0262072734
020 _a9780262072731
035 _aCES20060016502m
040 _aES-MaCES
_bspa
_cES-MaCES
100 1 _aGalasso, Vincenzo
_912580
245 1 4 _aThe political future of Social Security in aging societies
_cVincenzo Galasso
260 _aCambridge (Massachusetts)
_aLondon
_bMIT press
_c[2006]
300 _aXVII, 257 p.
_bgráf. bl. y n.
_c24 cm
500 _aÍndices
504 _aBibliografía: p. 235-243
541 _cCompra
650 4 _aseguridad social
_927034
650 4 _aenvejecimiento de la población
_930614
650 4 _aprotección social
_929076
650 4 _arégimen universal de prestaciones
_930153
650 4 _areforma de la seguridad social
_930668
650 4 _aEspaña
_926964
650 4 _aFrancia
_926943
650 4 _aAlemania
_926944
650 4 _aItalia
_926952
650 4 _aReino Unido
_926967
650 4 _aEstados Unidos
_928373
650 4 _aestudio de casos
_928846
653 1 0 _aSeguridad Social
710 1 _aMassachusetts Institute of Technology
_eed.
_94509
902 _aLIB Libro
942 _2CES
_cBK
_h3.0.
999 _c19643
_d19643